| 000 | 00492nam a22001697a 4500 | ||
|---|---|---|---|
| 003 | OSt | ||
| 008 | 200715b ||||| |||| 00| 0 eng d | ||
| 082 | _a615.19 DAP | ||
| 100 | _a Das, Sudip | ||
| 245 | _aA Practical Book Of Physical Pharmaceutics | ||
| 250 | _a2019 | ||
| 260 |
_aNew Delhi _bNirali |
||
| 300 | _aPg-69 | ||
| 650 | _aPharmaceutics- Drug Delivery Systems,Pharmaceutical Engineering regulraty Science | ||
| 700 | _a Shankar ,Ravi And Shubhrajit , Mantry | ||
| 942 |
_2ddc _cBK |
||
| 999 |
_c9022 _d9022 |
||